[Event "Winnipeg op"]
[Site "Winnipeg"]
[Date "2002.06.23"]
[Round "5.7"]
[White "Hou, Jeff"]
[Black "Reimer, Bruce"]
[Result "1/2-1/2"]
[WhiteElo "1361"]
[BlackElo "1262"]
[PlyCount "55"]
[EventDate "2002.06.21"]
[EventType "swiss"]
[EventRounds "5"]
[EventCountry "CAN"]
[SourceTitle "EXT 2022"]
[Source "ChessBase"]
[SourceDate "2021.10.06"]
[SourceVersion "1"]
[SourceVersionDate "2021.10.06"]
[SourceQuality "1"]

1. e4 e5 2. Nf3 d6 3. Nc3 Be7 4. Be2 Nf6 5. h3 0-0 6. 0-0 Nc6 7. d4 exd4 8. Nxd4 Nxd4 9. Qxd4 Be6 10. Be3 d5 11. exd5 Nxd5 12. Nxd5 Qxd5 13. Qc3 Qd7 14. Rad1 Qc8 15. Bf4 c6 16. Qg3 g6 17. Bh6 Re8 18. Qc3 f6 19. Bc4 b5 20. Bxe6+ Qxe6 21. Rfe1 Qf7 22. Qxc6 Rac8 23. Qxb5 Rxc2 24. Rd2 Rxd2 25. Bxd2 g5 26. Bb4 h6 27. Qd7 Kf8 28. Bxe7+ 1/2-1/2

[Event "Winnipeg op"]
[Site "Winnipeg"]
[Date "2002.06.22"]
[Round "3.7"]
[White "Sapina, Hrvoje"]
[Black "Hou, Jeff"]
[Result "0-1"]
[WhiteElo "1649"]
[BlackElo "1361"]
[PlyCount "83"]
[EventDate "2002.06.21"]
[EventType "swiss"]
[EventRounds "5"]
[EventCountry "CAN"]
[SourceTitle "EXT 2022"]
[Source "ChessBase"]
[SourceDate "2021.10.06"]
[SourceVersion "1"]
[SourceVersionDate "2021.10.06"]
[SourceQuality "1"]

1. e4 e5 2. Nf3 Nc6 3. Bb5 a6 4. Bxc6 dxc6 5. Nxe5 Qg5 6. Nf3 Qxg2 7. Rg1 Qh3 8. Rg3 Qe6 9. Ng5 Qf6 10. d4 Bd7 11. e5 Qf5 12. Rf3 Qg6 13. Rxf7 0-0-0 14. Qf3 Ne7 15. Qd3 Bf5 16. Rxf5 Nxf5 17. c3 Be7 18. f4 h6 19. Nf3 Rhf8 20. Be3 Qg2 21. Nbd2 Nxe3 22. Qxe3 Qh1+ 23. Nf1 g5 24. 0-0-0 Rxf4 25. N1d2 Qg2 26. Rg1 Qh3 27. Rg3 Qd7 28. h3 g4 29. hxg4 Rxg4 30. Rxg4 Qxg4 31. Qxh6 Bf8 32. Qh7 Qg2 33. Qf5+ Kb8 34. Ng5 Qg1+ 35. Kc2 Bh6 36. Nf7 Bxd2 37. Kxd2 Qg2+ 38. Kd3 Qxb2 39. Qf6 Rc8 40. Ng5 Qb1+ 41. Ke3 Qg1+ 42. Ke4 0-1

[Event "Winnipeg op"]
[Site "Winnipeg"]
[Date "2002.06.21"]
[Round "1.6"]
[White "Mu, Yuchen"]
[Black "Hou, Jeff"]
[Result "1-0"]
[WhiteElo "1802"]
[BlackElo "1361"]
[PlyCount "81"]
[EventDate "2002.06.21"]
[EventType "swiss"]
[EventRounds "5"]
[EventCountry "CAN"]
[SourceTitle "EXT 2022"]
[Source "ChessBase"]
[SourceDate "2021.10.06"]
[SourceVersion "1"]
[SourceVersionDate "2021.10.06"]
[SourceQuality "1"]

1. d4 d5 2. c4 e6 3. Nc3 Nf6 4. Bg5 Nc6 5. Nf3 Be7 6. e3 h6 7. Bxf6 Bxf6 8. Bd3 dxc4 9. Bxc4 0-0 10. 0-0 Bd7 11. a3 a5 12. Bb3 Rb8 13. Rc1 b5 14. Ne4 a4 15. Bc2 Be7 16. Qd3 f5 17. Ng3 Bd6 18. Rfd1 b4 19. Bxa4 bxa3 20. bxa3 Nb4 21. Qc4 Bxa4 22. Qxe6+ Kh8 23. axb4 Bxd1 24. Rxd1 Bxg3 25. hxg3 Rxb4 26. Ne5 Rb2 27. Nf7+ Rxf7 28. Qxf7 Qg5 29. Qxc7 Qh5 30. Rf1 Qe2 31. Qc8+ Kh7 32. Qxf5+ Kg8 33. d5 Rd2 34. Qe6+ Kh7 35. d6 Rd1 36. Rxd1 Qxd1+ 37. Kh2 Qh5+ 38. Qh3 Qd5 39. d7 Kg6 40. e4 Kf7 41. exd5 1-0

[Event "Winnipeg Icebreaker op"]
[Site "Winnipeg"]
[Date "2002.04.19"]
[Round "1.7"]
[White "Czarny, Keith"]
[Black "Hou, Jeff"]
[Result "1-0"]
[WhiteElo "1710"]
[BlackElo "1361"]
[PlyCount "53"]
[EventDate "2002.04.19"]
[EventType "swiss"]
[EventRounds "5"]
[EventCountry "CAN"]
[SourceTitle "EXT 2022"]
[Source "ChessBase"]
[SourceDate "2021.10.06"]
[SourceVersion "1"]
[SourceVersionDate "2021.10.06"]
[SourceQuality "1"]

1. c4 e5 2. Nc3 Nf6 3. d3 Bb4 4. Bd2 0-0 5. Nf3 Nc6 6. a3 Bxc3 7. Bxc3 d6 8. g3 Re8 9. Bg2 Bf5 10. 0-0 Qd7 11. Re1 Rad8 12. Rc1 d5 13. cxd5 Nxd5 14. Bd2 e4 15. dxe4 Bxe4 16. Qb3 Na5 17. Bxa5 b6 18. Bc3 c5 19. Rcd1 Qc6 20. Rd2 c4 21. Qd1 b5 22. Rd4 f5 23. Qd2 Re7 24. Rd1 Red7 25. Ne5 Qb7 26. Nxd7 Bxg2 27. Rxd5 1-0

[Event "Manitoba-ch U20"]
[Site "Winnipeg"]
[Date "2001.10.27"]
[Round "1"]
[White "Lipnowski, Samuel"]
[Black "Hou, Jeff"]
[Result "1-0"]
[WhiteElo "2037"]
[BlackElo "1379"]
[PlyCount "37"]
[EventDate "2001.10.27"]
[EventType "swiss"]
[EventRounds "4"]
[EventCountry "CAN"]
[SourceTitle "EXT 2022"]
[Source "ChessBase"]
[SourceDate "2021.10.06"]
[SourceVersion "1"]
[SourceVersionDate "2021.10.06"]
[SourceQuality "1"]

1. e4 e5 2. f4 d6 3. Nf3 Nc6 4. Bc4 Be7 5. 0-0 Nf6 6. d3 0-0 7. Nc3 Be6 8. Bb3 Bg4 9. h3 Bh5 10. g4 Nxg4 11. hxg4 Bxg4 12. Ne2 Qd7 13. Qe1 Bh3 14. Rf2 Qg4+ 15. Kh1 Bh4 16. Nxh4 Qxh4 17. Be3 Qg4 18. Qg1 Qd7 19. f5 1-0